000 00367nam a2200121Ia 4500
008 220216s9999 xx 000 0 und d
100 _aCampos L P
_cet al
245 0 _aGenome relationships among Lotus species based on random amplified polymorphic DNA (RAPD)
260 _bTheoretical and Applied Genetics
_c1994
300 _a417-422
650 _aRAPD
942 _cJS
999 _c59901
_d59901